| 000 | 00762nam a2200193 i 4500 | ||
|---|---|---|---|
| 001 | 63695 | ||
| 003 | ES-MaACL | ||
| 005 | 20250810063027.0 | ||
| 007 | t| | ||
| 008 | 031216s1914 fr ||||1| fre d | ||
| 100 | 1 |
_aFidao-Justiniani, Joseph-Émile, _d1875-1950 _950690 |
|
| 245 | 1 | 2 |
_aL'esprit classique et la préciosité au XVIIe siècle / _cJ. E. Fidao-Justiniani ; avec un Discours et un Dialogue inédits de Chapelain sur l'Amour et sur la Gloire. |
| 260 |
_aParis : _bA. Picard, _c1914 ( _ePoitiers : _fSoc. Française d'Imprimerie) |
||
| 300 |
_a232 p. ; _c19 cm. |
||
| 650 | 4 |
_aLiteratura francesa- _yS.XVII- _xHistoria y crítica. _9159887 |
|
| 700 | 0 |
_aAndré, _cle Chapelain. _938010 |
|
| 852 |
_aES-MaACL _jF-8838 |
||
| 999 |
_c63695 _d63695 |
||